Представление документа в формате MARC21

Поле Инд. ПП Название Значение
Тип записи a
Библиографический уровень m
001 Контрольный номер 35853f4a-48f2-4c14-afef-c740bfe97c9e
005 Дата корректировки 20131122095951.9
008 Кодируемые данные 000731 d
020 a ISBN 5-7855-0534-7
c Цена, тираж 1500.00
080 a Индекс УДК 519.854.2
a Индекс УДК 519.866:33
084 a Индекс другой классификации/Индекс ББК В183.43
a Индекс другой классификации/Индекс ББК У9(2)231.03
090 c Каталожный индекс В183.43 + У9(2)231.03
x Авторский знак С67
a Полочн. индекс В183.4
100 1_ a Автор Сотсков Юрий Назарович и др.
245 00 a Заглавие Математические модели и методы календарного планирования
b Продолж. заглавия Учеб. пособие для студентов мат. спец. вузов
c Ответственность Ю.Н., Сотсков, В.А. Струсевич, В.С. Танаев
260 0_ a Место издания Минск
b Издательство Унiверсiтэцкае
c Дата издания 1994
300 a Объем 230,[2] с.
b Иллюстрации/ тип воспроизводства ил.
504 a Библиография Библиогр.: с.231
650 a Основная рубрика Программирование математическое
650 a Основная рубрика Планирование народного хозяйства
650 a Основная рубрика Расписаний теория
650 a Основная рубрика Дискретное программирование
653 a Ключевые слова Теория расписаний
a Ключевые слова Планирование народного хозяйства
a Ключевые слова Математическое программирование
a Ключевые слова Дискретное программирование
852 p Инвентарный номер 656659
952 c Вид литературы К ру
954 a Дата поступления на обработку 26.12.94
999 a Подразделение 2 Фил3